Economic Report of the President Transmitted to the Congress /

Đã lưu trong:
Chi tiết về thư mục
Tác giả của công ty: EUA. Presidente. 1968-1974 (Nixon)
Tác giả khác: Nixon, Richard (autor) (autor)
Định dạng: Sách
Ngôn ngữ:Tiếng Anh
Được phát hành: Washington, EUA : Gobierno de los Estados Unidos, 1985
Các nhãn: Thêm thẻ
Không có thẻ, Là người đầu tiên thẻ bản ghi này!

MARC

LEADER 00000nam^a2200000^a^4500
001 000434166
005 20250526000000.0
009 20260310123059.358
037 |a Acervo ITESO - Biblioteca 
041 |a ING 
091 |a FHM. 06922 
110 |a EUA.  |b Presidente. 1968-1974 (Nixon) 
245 1 0 |a Economic Report of the President Transmitted to the Congress / 
264 1 |a Washington, EUA :  |b Gobierno de los Estados Unidos,  |c 1985 
300 |a III, 356 p. ;  |c 23.0 cm. 
336 |a texto  |b txt  |2 rdacontenido 
337 |a sin mediación  |b n  |2 rdamedio 
338 |a volumen  |b nc  |2 rdasoporte 
649 |a XX 
700 |a Nixon, Richard  |e (autor) 
910 |a Fondo Hugo B. Margáin 
920 |a Impresos - Libros 
930 |a Libros Antiguos y Raros 
905 |a 126 
901 |a 0500315772  |b IT2  |c LRA  |i D107145  |u 20250526 
902 |a https://opac.biblio.iteso.mx/vufind/Record/000434166